000 00577nam a2200169Ia 4500
008 151018s9999 xx 000 0 und d
082 _bRBASDV26568
_a891.463
100 _aवा शि आपटे
245 _aदीपगृहातील साहस
260 _bश्रीराम प्रकाशन पुणे
_c1988
300 _a64
600 _aवा शि आपटे
630 _aदीपगृहातील साहस
700 _aवा शि आपटे
730 _aदीपगृहातील साहस
942 _cBOOK
999 _c1026171
_d1026168